Zé Zangado (Registo nº 32333)

Detalhes MARC
000 -Etiqueta do registo
Valores 00782nam a2200265 4500
010 ## - Número ISBN
ISBN 978-989-8086-84-6
021 ## - Número do Depósito Legal
-- PT
Número 399779/15
090 ## -
-- 32333
100 ## - Dados gerais de processamento
Dados gerais 20160310d2015 bc y0pory50030103ba
101 0# - Língua de publicação
-- por
102 ## - País de publicação
-- PT
200 1# - Titulo e menção de responsabilidade
Título próprio Zé Zangado
Primeira menção de responsabilidade Rita Castanheira Alves
Outras menções de responsabilidade il. Carla Nazareth
205 ## - Menção da edição
Edição 1ª ed
210 ## - Publicação
Local de publicação Amadora
Nome do editor Booksmile,
Data de publicação 2015
215 ## - Descrição física 
Paginação / Volumes 37, [1] p.
Outras indicações físicas muito il.
Dimensões 23 cm
225 2# - Colecção 
Título próprio da colecção Emoções
Indicação de volume 3
606 ## - Nome comum usado como assunto
Palavra de ordem Emoções
Subdivisão assunto Sentimentos
ID Autoridade 3051
606 ## - Nome comum usado como assunto
ID Autoridade 2402
Palavra de ordem Infantil
675 ## - CDU
Notação 8:087.5
-- 69
700 #1 - Autor principal (pessoa individual)
Apelido Alves,
Nome Rita Castanheira
701 #1 - Co-autor principal (pessoa individual)
Apelido Nazaré,
Nome Carla,
Datas 1975-
-- 440
801 #0 - Fonte de origem
País PT
Agência BN
Regras de catalogação RPC
856 41 - Localização e acesso electrónico 
URL <a href="http://rnod.bnportugal.gov.pt/ImagesBN/winlibimg.aspx?skey=&doc=1924868&img=74000&save=true">http://rnod.bnportugal.gov.pt/ImagesBN/winlibimg.aspx?skey=&doc=1924868&img=74000&save=true</a>
990 ## - Elementos KOHA
Tipo de documento Livro
Exemplares
Situação do levantamento Estado Biblioteca de origem Biblioteca de empréstimo Código de barras Cota Permissão de empréstimo Tipo de documento Nota relativa ao exemplar
  Completo Biblioteca Municipal de Viana Do Alentejo Biblioteca Municipal de Viana Do Alentejo 0032076 8 ALV Disponível Livro 6-10 anos




Powered by Koha